000 00440nam a2200181Ia 4500
001 24032
005 20260414151017.0
008 260414t2005||||xx |||||||||||||| ||spa||
041 _aESP
082 _a751.4503
_bG14
100 _aGalton, Jeremy
_eAUT
245 0 _aEnciclopedia de técnicas de pintura al óleo
_b
260 _c2005
300 _a192 páginas :
_ccm.
650 _aABD
654 _aCAU
942 _cLIB
_dJUS
_fJUS
_2ddc
_n
999 _c24032
_d24032